00405 2200145 4500001002100000005001500021035002000036245006700056100001700123250001700140300003000157260004200187082001200229084001800241INLIS00000000000096620250320083222 a0010-03250000621 aPuasa dan Zakat :bUntuk Kemakmuran Masyarakat /cMahmud Yunus0 aMahmud Yunus acetakan ke-3 a35 hlm :bilus ;c20,5 cm aJakarta :bPT. Hidakarya Agung,c2011 a297.362 a297.362 MAH p